Analýza hrubého domáceho produktu a jeho faktorov na Slovensku podľa klasifikácie SK NACE
Problém využitia pyramidálneho modelu na ekonomickú analýzu ekonomiky SR, a to na agregovanej úrovni a aj na dezagregovanej úrovni podľa NACE skupín.
Gespeichert in:
| 1. Verfasser: | |
|---|---|
| Format: | Buchkapitel |
| Sprache: | Slowakisch |
| Schlagworte: | |
| Tags: |
Keine Tags, Fügen Sie das erste Tag hinzu!
|
MARC
| LEADER | 00000naa a2200000 4500 | ||
|---|---|---|---|
| 001 | 0196755 | ||
| 005 | 20240502073321.1 | ||
| 041 | 0 | |a slo | |
| 044 | |a SK | ||
| 245 | 1 | 0 | |a Analýza hrubého domáceho produktu a jeho faktorov na Slovensku podľa klasifikácie SK NACE |c Ľubica Hurbánková |
| 520 | |a Problém využitia pyramidálneho modelu na ekonomickú analýzu ekonomiky SR, a to na agregovanej úrovni a aj na dezagregovanej úrovni podľa NACE skupín. | ||
| 610 | 2 | 0 | |a produkt domáci hrubý |
| 610 | 2 | 0 | |a politika hospodárska |
| 610 | 2 | 0 | |a ukazovatele makroekonomické |
| 610 | 2 | 0 | |a meranie |
| 610 | 2 | 0 | |a účty národné |
| 610 | 2 | 0 | |a rady časové |
| 610 | 2 | 0 | |a analýza ekonomická |
| 100 | 1 | |a Hurbánková, Ľubica, 1980- | |